Catálogo
 En Linea

Diario de un cura de puebloy relación de los señores curas que han servido la parroquia de Nuestra Señora de la Asunción de Tlatlauqui, escrita por el señor cura / (Registro nro. 39851)

Detalles MARC
000 -CABECERA
campo de control de longitud fija 00808nam a2200181 a 4500
001 - NÚMERO DE CONTROL
campo de control 000040361
005 - FECHA Y HORA DE LA ÚLTIMA TRANSACCIÓN
campo de control 20201002034101.0
008 - DATOS DE LONGITUD FIJA--INFORMACIÓN GENERAL
campo de control de longitud fija 130822s2006 mx 000 0 spa d
020 ## - NÚMERO INTERNACIONAL ESTÁNDAR DEL LIBRO
Número Internacional Estándar del Libro 970321648X
040 ## - FUENTE DE LA CATALOGACIÓN
Centro catalogador/agencia de origen DO-SdBNP
Lengua de catalogación spa
Centro/agencia transcriptor BNPHU
100 1# - ENTRADA PRINCIPAL--NOMBRE DE PERSONA
Nombre de persona Vargas López, Ramón
9 (RLIN) 66660
245 10 - MENCIÓN DE TÍTULO
Título Diario de un cura de puebloy relación de los señores curas que han servido la parroquia de Nuestra Señora de la Asunción de Tlatlauqui, escrita por el señor cura /
Mención de responsabilidad, etc. Ramón Vargas López ; edición de Ernesto de la Torre Villar.
260 ## - PUBLICACIÓN, DISTRIBUCIÓN, ETC.
Lugar de publicación, distribución, etc. México :
Nombre del editor, distribuidor, etc. UNAM-Instituto de Investigaciones Históricas : INAH,
Fecha de publicación, distribución, etc. 2006.
300 ## - DESCRIPCIÓN FÍSICA
Extensión 187 p. ;
Dimensiones 18 cm.
700 1# - PUNTO DE ACCESO ADICIONAL--NOMBRE DE PERSONA
Nombre de persona Torre Villar, Ernesto de la,
Término indicativo de función/relación ed.
9 (RLIN) 66281
700 1# - PUNTO DE ACCESO ADICIONAL--NOMBRE DE PERSONA
Nombre de persona Navarro de Anda, Ramiro.
9 (RLIN) 66661
710 2# - PUNTO DE ACCESO ADICIONAL--NOMBRE DE ENTIDAD CORPORATIVA
Nombre de entidad corporativa o nombre de jurisdicción como elemento de entrada Universidad Nacional Autónoma de México
9 (RLIN) 42447
Existencias
Estado de retiro Estado de pérdida Restricciones de uso No para préstamo Código de colección Localización permanente Ubicación/localización actual Ubicación en estantería Fecha de adquisición Número de inventario Total de préstamos Signatura topográfica completa Código de barras Fecha visto por última vez Precio válido a partir de Tipo de ítem Koha Número de copia
      Excluido de préstamo Monografías: Libros y Folletos General General En catalogación 22.08.2013 LF1   40361-10 25.06.2020 25.06.2020 No se presta  
      Excluido de préstamo Monografías: Libros y Folletos General General En catalogación 22.08.2013 LF1   40361-20 25.06.2020 25.06.2020 No se presta e. 3
      Excluido de préstamo Monografías: Libros y Folletos General General En catalogación 22.08.2013 LF1   40361-30 25.06.2020 25.06.2020 No se presta e. 2

Con tecnología Koha